La estrella afirmativa / (Record no. 150124)

MARC details
000 -LEADER
campo de control de longitud fija 00609nam a2200205 i 4500
001 - NÚMERO DE CONTROL
campo de control 150124
003 - IDENTIFICADOR DE NÚMERO DE CONTROL
campo de control ES-MaACL
005 - FECHA Y HORA DE LA ÚLTIMA TRANSACCIÓN
campo de control 20250629213221.0
007 - CAMPO FIJO DE DESCRIPCIÓN FÍSICA--INFORMACIÓN GENERAL
campo de control de longitud fija t|
008 - DATOS DE LONGITUD FIJA--INFORMACIÓN GENERAL
campo de control de longitud fija 071026s1949 sp ||||1| spa d
100 1# - ENTRADA PRINCIPAL--NOMBRE DE PERSONA
Nombre de persona Valls Jordá, Joan,
Fechas asociadas al nombre 1917-1989
9 (RLIN) 112945
245 13 - MENCIÓN DEL TÍTULO
Título La estrella afirmativa /
Mención de responsabilidad, etc. Juan Valls Jordá.
260 ## - PUBLICACIÓN, DISTRIBUCIÓN, ETC.
Lugar de publicación, distribución, etc. Alicante :
Nombre del editor, distribuidor, etc. [s.n.],
Fecha de publicación, distribución, etc. 1949 (
Fabricante Gráf. Gutenberg)
300 ## - DESCRIPCIÓN FÍSICA
Extensión 83 p. :
Otras características físicas retr. del autor ;
Dimensiones 20 cm.
490 1# - MENCIÓN DE SERIE
Mención de serie Colección Ifach
830 00 - PUNTO DE ACCESO ADICIONAL DE SERIE-TÍTULO UNIFORME
Título uniforme Colección Ifach
9 (RLIN) 227685
852 ## - LOCALIZACIÓN
Ubicación ES-MaACL
Número de control de estantería 1924-F-4
Sublocalización o colección R.30077
942 ## - ELEMENTOS DE ENTRADA SECUNDARIOS (KOHA)
Fuente del sistema de clasificación o colocación Clasificación decimal universal
Holdings
Estatus retirado Estado de pérdida Estado de daño No para préstamo Colección Biblioteca de origen Biblioteca actual Ubicación en estantería Fecha de adquisición Fuente de adquisición Total de préstamos Signatura topográfica completa Código de barras Visto por última vez Precio de reemplazo Tipo de ítem Koha
        Colección de folletos Biblioteca del Ateneo de Madrid Biblioteca del Ateneo de Madrid Depósito folletos 17/01/2008     1924-F-4 1156654 23/02/2023 23/02/2023 Folleto